| 000 | 00390cam a2200145ua 4500 | ||
|---|---|---|---|
| 041 |
_aeng _h |
||
| 082 |
_a824 _bMIL/SE |
||
| 100 | _aMillen, Margaret . | ||
| 245 |
_aSecond book of fifty model essays / _cMargaret Millen. _hTextual Documents |
||
| 260 |
_aMumbai : _bD B Taraporevala sons & Co. Pvt. Ltd. , _c1966. |
||
| 300 | _a98 ; . | ||
| 504 | _a | ||
| 942 | _cBK | ||
| 999 |
_c3948 _d3948 |
||